000 00478nam a2200181Ia 4500
008 240925s9999 xx 000 0 und d
020 _a471776319
082 _a621.38153 SEN
100 _aSenturia, Stephen . D; Wedlok ,Bruce D.
245 0 _aElectronic Circuits and Application
250 _aNA
260 _aLondon:
_bMcGraw-Hill
_c,1975.
300 _axii,928p.
_bNA
_fOriginal
500 _aNA
600 _aElectronic Engineering
650 _aTechnology
942 _cBK
999 _c9252
_d9252